000 00493cam a22001932 4500
001 0000002848
005 20151217151906.0
008 070420s xx 000 0 eng d
020 _a0062517864 :
040 _aKABU
_cKABU
050 0 _aPS3556
_b.A77M66
100 1 _aFarrington, Tim.
_@0000152352
245 1 4 _aThe Monk downstairs.
260 _aNew York :
_bHarperCollins,
_c2002.
300 _a284 p.
908 _a070420
950 _@1
999 _c6051
_d6051